00472nam a2200145 a 4500008004100000020001500041050001800056100002000074245008500094250001300179260006000192300002500252350000900277650004000286120416s1997 ||||||||||||||||| || u a1901396118 aSB 950.95 Pes aTomlin, C. D. S14aThe pesticide manual : a world compendium. (11th ed.)cedited by C. D. S. Tomlin a11th ed. aBracknell, BerksbBritish Crop Protection Councilc1997 axliii, 1606p. : ill. a0.00 aPESTICIDES--HANDBOOKS, MANUALS, ETC